000 00284nam a22001337a 4500
008 180926b xxu||||| |||| 00| 0 eng d
020 _a9781932628272
041 _aeng
080 _a510
100 _a37
101 _aMAT
245 _aAlgebra College
_cSisson.P
942 _2udc
_cBK
999 _c48525
_d48525